Josep Pla (Record no. 8786)

MARC details
000 -LEADER
campo de control de longitud fija 00740nam a2200241 i 4500
001 - NÚMERO DE CONTROL
campo de control 8786
003 - IDENTIFICADOR DE NÚMERO DE CONTROL
campo de control ES-MaACL
005 - FECHA Y HORA DE LA ÚLTIMA TRANSACCIÓN
campo de control 20250820122936.0
008 - DATOS DE LONGITUD FIJA--INFORMACIÓN GENERAL
campo de control de longitud fija 920930s1985 sp |||| |bspa d
020 ## - NÚMERO INTERNACIONAL ESTÁNDAR DEL LIBRO
Número Internacional Estándar del Libro 84-85041-87-9
080 ## - NÚMERO DE LA CLASIFICACIÓN DECIMAL UNIVERSAL
Número de la Clasificación Decimal Universal 929 Pla, Josep
100 1# - ENTRADA PRINCIPAL--NOMBRE DE PERSONA
Nombre de persona Buqueras y Bach, Ignacio,
Fechas asociadas al nombre 1942-
9 (RLIN) 137449
245 10 - MENCIÓN DEL TÍTULO
Título Josep Pla
Resto del título : el "seny" irónico /
Mención de responsabilidad, etc. Ignacio Buqueras.
260 ## - PUBLICACIÓN, DISTRIBUCIÓN, ETC.
Lugar de publicación, distribución, etc. [Madrid] :
Nombre del editor, distribuidor, etc. Silex,
Fecha de publicación, distribución, etc. D.L. 1985.
300 ## - DESCRIPCIÓN FÍSICA
Extensión 224 p. ;
Dimensiones 21 cm.
490 1# - MENCIÓN DE SERIE
Mención de serie Retratos de antaño
504 ## - NOTA DE BIBLIOGRAFÍA, ETC.
Nota de bibliografía, etc. Bibliografía: p. 224.
600 17 - PUNTO DE ACCESO ADICIONAL DE MATERIA--NOMBRE DE PERSONA
Nombre de persona Pla, Josep,
Fechas asociadas al nombre 1897-1981-
Subdivisión general Biografías
Fuente del encabezamiento o término
9 (RLIN) 164615
830 0# - PUNTO DE ACCESO ADICIONAL DE SERIE-TÍTULO UNIFORME
Título uniforme Retratos de antaño
9 (RLIN) 180802
852 ## - LOCALIZACIÓN
Ubicación ES-MaACL
Número de control de estantería L-16126
852 ## - LOCALIZACIÓN
Ubicación ES-MaACL
Número de control de estantería L-9280
Holdings
Estatus retirado Estado de pérdida Estado de daño No para préstamo Biblioteca de origen Biblioteca actual Ubicación en estantería Fecha de adquisición Fuente de adquisición Total de préstamos Signatura topográfica completa Código de barras Visto por última vez Precio de reemplazo Tipo de ítem Koha
        Biblioteca del Ateneo de Madrid Biblioteca del Ateneo de Madrid Depósito 2 17/01/2008     L-16126 1008972 23/02/2023 23/02/2023 Libro impreso
        Biblioteca del Ateneo de Madrid Biblioteca del Ateneo de Madrid Depósito 2 16/07/2014     L-9280 1192910 23/02/2023 23/02/2023 Libro impreso